Μεταφορές - Διαδίκτυο - Τουρισμός : περίπτωση μελέτης πλαισίου συμπεριφοράς Έλληνα τουρίστα : μεταπτυχιακή εργασία
Αποθηκεύτηκε σε:
| Κύριος συγγραφέας: | |
|---|---|
| Συγγραφή απο Οργανισμό/Αρχή: | |
| Άλλοι συγγραφείς: | |
| Μορφή: | Thesis Βιβλίο |
| Γλώσσα: | Greek |
| Δημοσίευση: |
2003
|
| Θέματα: | |
| Ετικέτες: |
Προσθήκη ετικέτας
Δεν υπάρχουν, Καταχωρήστε ετικέτα πρώτοι!
|
MARC
| LEADER | 00000cam a2200000 i 4500 | ||
|---|---|---|---|
| 001 | 1/48024 | ||
| 008 | 040205s2003 gre d | ||
| 035 | |l 10072179 | ||
| 040 | |a GR-MY-UA |b gre |e aacr | ||
| 041 | 0 | |a gre | |
| 082 | 0 | |a 338.4791 |2 (22) | |
| 100 | 1 | |a Ζαρμπούτης, Νικόλαος. | |
| 245 | 1 | 0 | |a Μεταφορές - Διαδίκτυο - Τουρισμός : |b περίπτωση μελέτης πλαισίου συμπεριφοράς Έλληνα τουρίστα : μεταπτυχιακή εργασία / |c Ζαρμπούτης Νικόλαος ; επιβλέπουσα: Αμαλία Πολυδωροπούλου ; διευθύντρια σπουδών: Αμαλία Πολυδωροπούλου |
| 260 | |c 2003 | ||
| 300 | |a 140 σ.; |b διαγρ., πίν.; |c 30 εκ. | ||
| 502 | # | # | |a Διατριβή (μεταπτυχιακή) – Πανεπιστήμιο Αιγαίου, Χίος, 2003. |
| 610 | 2 | 0 | |a Πανεπιστήμιο Αιγαίου. |
| 650 | 0 | 0 | |a Tourism |x Marketing. |
| 650 | 0 | 0 | |a Transportation. |
| 650 | 0 | 0 | |a Tourists. |
| 650 | 0 | 0 | |a Internet. |
| 650 | 0 | 0 | |a Dissertations, Academic |z Greece. |
| 700 | 1 | |4 ths |a Πολυδωροπούλου, Αμαλία. | |
| 710 | 1 | |a Πανεπιστήμιο Αιγαίου |b Σχολή Επιστημών της Διοίκησης |b Τμήμα Ναυτιλίας και Επιχειρηματικών Υπηρεσιών |b Πρόγραμμα Μεταπτυχιακών Σπουδών "Ναυτιλία, Μεταφορές και Διεθνές Εμπόριο - ΝΑ.Μ.Ε.". | |
| 852 | |a INST |b CHIOS |c DIATR |e 20040205 |h 338.4791 ΖΑΡ |p 005200012643 |q 005200012643 |t MTXE |y 23 | ||
| 852 | |a INST |b CHIOS |c DIATR |e 20040205 |h 338.4791 ΖΑΡ |p 005200012664 |q 005200012664 |t MTXE |y 23 | ||
| 901 | |a BIBL2-2004-1 | ||
| 909 | |a Χ |b 107880 | ||
| 909 | |a X |b 107907 | ||
| 924 | |a ΖΑΡΜΠΟΥΤΗΣ |b ΝΙΚΟΛΑΟΣ |y ΧΙΟΣ |z 2004-02 | ||
| 970 | |a ΠΟΥΛΑΚΗ |b ΠΑΝΩΡΑΙΑ |z 2004/02/05 | ||